Empresas publicas (Бичлэгийн дугаар. 145907)
| 000 -УДИРДЛАГА | |
|---|---|
| Удирдлага | 00805nam a22002777a 4500 |
| 003 - ХЯНАЛТЫН ТОО ТОДОРХОЙЛОГЧ | |
| Код | MN-UlNUM |
| 005 - БИЧИЛТ ХИЙСЭН ОГНОО | |
| Тухайн бичилтийг бичсэн засварласан сүүлийн огноо | 20251212090453.0 |
| 008 - ЕРӨНХИЙ МЭДЭЭЛЭЛ | |
| Ерөнхий мэдээлэл | 251212s1990 aga||||| |||| 00| 0 eng | |
| 020 ## - ISBN | |
| ISBN | 997720022x |
| 040 ## - БИЧЛЭГ ҮҮСГЭГЧ БАЙГУУЛЛАГА | |
| Бичлэг үүсгэгч номын сангийн код | МУИС-ийн номын сан |
| 084 ## - ББК АНГИЛАЛ | |
| Нэмэлт тусгалт | Бусад |
| ББК ангилал | 67.400.6 |
| Зохиогчийн гурван тэмдэгт | C 90 |
| Мэдлэгийн ялгаа | 67 - Төр эрх, хууль |
| 100 1# - ЗОХИОГЧ | |
| Зохиогчийн нэр | Crowther W. |
| 245 ## - ҮНДСЭН ГАРЧИГ | |
| Номын нэр | Empresas publicas |
| Бага гарчгийн мэдээ | Mito y realidad |
| 260 ## - ГАРАЛТЫН МЭДЭЭ | |
| Хэвлэгдсэн газар | Buenos Aires : |
| Хэвлэлийн газар | Editorial El Coloquio, |
| Хэвлэгдсэн он | 1990 |
| 300 ## - МАТЕРИАЛЫН ТОДОРХОЙЛОЛТ | |
| хуудасны тоо | 383p.: |
| 500 ## - Тайлбар | |
| Дансны дугаар | БС 4553 |
| 546 ## - ХЭЛНИЙ ТУХАЙ МЭДЭЭ | |
| Хэл | Англи хэл дээр, |
| 653 ## - Түлхүүр үг | |
| Түлхүүр үг | bibliografia |
| 653 ## - Түлхүүр үг | |
| Түлхүүр үг | conclusiones |
| 700 1# - ХАМ ЗОХИОГЧИД | |
| Ба бус | Diaz Luis Fernando |
| 740 ## - НОМЫН ГАРЧИГ | |
| Гарчиг | La realidad dela empresa publica |
| 740 ## - НОМЫН ГАРЧИГ | |
| Гарчиг | La empresa publica como solucion |
| 740 ## - НОМЫН ГАРЧИГ | |
| Гарчиг | Las causas de la ineficiencia gubernamental expresadas especialmente en la empresa publica |
| 942 ## - ЭЛЕМЕНТИЙН ТӨРӨЛ | |
| Зүйлийн төрөл | Ном |
